Ricostruisci la Carriera del Calciatore - Carlo Pinsoglio - Statistics

Statistiche generali
  • Questo quiz è stato fatto 8 volte
  • Il punteggio medio è 2 su 7
Statistiche sulle risposte
Hint Risposta % Corretto
2017- Juventus
83%
2016-2017 Latina
50%
2013-2015 Modena
33%
2010-2011 Viareggio
33%
2012-2013 Vicenza
17%
2015-2016 Livorno
0%
2011-2012 Pescara
0%
Nessun quiz corrispondente trovato
Distribuzione punteggi
Percentuale di utenti per punteggio
Percentile per numero di risposta
I tuoi punteggi nel tempo
Non hai fatto questo quiz